Dune : House Corrino /

Bibliographic Details
Main Author: Herbert, Brian
Other Authors: Anderson, Kevin J., 1962-, Herbert, Frank
Format: Book
Language:English
Published: New York : Bantam Books, [2001]
Series:Bantam spectra book.
Subjects:

MARC

Tag First Indicator Second Indicator Subfields
LEADER 00000cam a2200000 a 4500
001 in00001639628
005 20151023084220.0
008 010315s2001 nyub 000 1 eng
010 |a  2001025777 
020 |a 0553110845 
035 |a (OCoLC)ocm46565153 
040 |a DLC  |c DLC  |d C#P  |d UtOrBLW 
049 |a TXAM 
050 0 0 |a PS3558.E617  |b D865 2001 
082 0 0 |a 813/.54  |2 21 
100 1 |a Herbert, Brian. 
245 1 0 |a Dune :  |b House Corrino /  |c Brian Herbert and Kevin J. Anderson. 
264 1 |a New York :  |b Bantam Books,  |c [2001] 
264 4 |c ©2001 
300 |a 496 pages :  |b maps ;  |c 25 cm. 
336 |a text  |b txt  |2 rdacontent 
337 |a unmediated  |b n  |2 rdamedia 
338 |a volume  |b nc  |2 rdacarrier 
490 1 |a Bantam spectra book 
500 |a Based on the Dune universe created by Frank Herbert. 
650 0 |a Dune (Imaginary place)  |v Fiction. 
655 7 |a Science fiction.  |2 gsafd 
700 1 |a Anderson, Kevin J.,  |d 1962- 
700 1 |a Herbert, Frank. 
830 0 |a Bantam spectra book. 
994 |a E0  |b TXA 
948 |a cataloged  |b h  |c 2001/11/29  |d c  |e ceaton  |f 1:43:40 pm 
944 |a stk  |h REPL<2925325>REP-LATEST<>REF<cbenefie>  |m Replacement on order 
999 |a MARS 
999 f f |s 0b4bf675-2a4b-36d0-a8b0-63f216833631  |i d7734e62-7662-31e0-8158-0e09b13dbb6d  |t 0 
952 f f |p ric  |a Texas A&M University  |b Rellis Campus  |c Joint Library Facility  |s JLF  |d Remote Storage  |t 0  |e PS3558.E617 D865 2001  |h Library of Congress classification  |i unmediated -- volume  |m A14828975268 
998 f f |a PS3558.E617 D865 2001  |t 0  |l Remote Storage